000 004640000a22001810004500
003 LK-CoMWRAF
005 20240118140939.0
008 230817t1997 ||||| |||| 00| 0 eng d
040 _aLK-CoMWRAF
_dLK-CoMWRAF
_eLK-CoMWRAF
041 _aeng
082 _a346.62
_bWOM
245 _aWomen and law in Sudan
260 _aGrables:
_bWLUML,
_c1997
300 _a102 p. ; 21 cm
490 _aVolume
_vthree
650 _aWomen- Legal status, laws -Sudan
942 _cBK
999 _c1348
_d1348